Statistiche per Province e città metropolitane italiane che confinano con l'estero

Clicka qui per fare il quiz!

Statistiche generali

  • Questo quiz è stato fatto 90 volte
  • Il punteggio medio è 17 su 19

Statistiche sulle risposte

HintRisposta% Corretto
FranciaTorino
100%
SloveniaTrieste
97%
VaticanoRoma
96%
FranciaAosta
94%
SvizzeraAosta
94%
SloveniaGorizia
93%
AustriaBolzano / Bozen
92%
SvizzeraComo
92%
FranciaCuneo
92%
FranciaImperia
92%
AustriaUdine
92%
SloveniaUdine
92%
San MarinoRimini
85%
SvizzeraSondrio
85%
AustriaBelluno
81%
SvizzeraVarese
81%
San MarinoPesaro-Urbino
76%
SvizzeraVercelli
76%
SvizzeraVerbano-Cusio-Ossola
65%

Distribuzione punteggi

Percentile per numero di risposta

Percentuale di utenti per punteggio

I tuoi punteggi nel tempo

Non hai fatto questo quiz